| 000 | 00708nam a2200253Ia 4500 | ||
|---|---|---|---|
| 008 | 160901s9999 xx 000 0 und d | ||
| 020 | _a1-59200-121-1 | ||
| 050 | _aComSc TK 5105.8885 | ||
| 050 | _b.D74B35 2004 c.1 | ||
| 100 | _aBakharia, Aneesha. | ||
| 245 | _aMacromedia Dreamweaver MX 2004 : | ||
| 245 | _bfast and easy web development / | ||
| 245 | _cAneesha Bakharia. | ||
| 260 | _aUSA : | ||
| 260 | _bPremier Press., | ||
| 260 | _c2004 | ||
| 300 | _a158 pages : | ||
| 300 | _bill. ; | ||
| 300 | _c23 cm. | ||
| 500 | _aIncludes index. | ||
| 650 | _aDreamweaver (Computer file). | ||
| 650 | _aWeb sites -- Authoring programs. | ||
| 650 | _xWeb site development -- Computer programs. | ||
| 999 |
_c300904 _d300904 |
||